International capital markets
Salvato in:
| Autore principale: | |
|---|---|
| Altri autori: | |
| Natura: | Libro |
| Lingua: | inglese |
| Pubblicazione: |
Washington
International Monetary Fund
1993
|
| Serie: | World economic and financial surveys
|
| Soggetti: | |
| Tags: |
Nessun Tag, puoi essere il primo ad aggiungerne!!
|
MARC
| LEADER | 00000nam a2200000 4500 | ||
|---|---|---|---|
| 001 | c021503 | ||
| 005 | 20240111124711.3 | ||
| 020 | |a 1-55775-335-0 | ||
| 022 | |a 0258-7440 | ||
| 041 | 0 | |a eng | |
| 044 | |a US | ||
| 245 | 1 | 0 | |a International capital markets |c by a staff team from the International Monetary Fund led by Morris Goldstein and David Folkerts-Landau |
| 264 | 1 | |a Washington |b International Monetary Fund |c 1993 | |
| 300 | |a 106 s. | ||
| 490 | 1 | |a World economic and financial surveys | |
| 830 | 0 | |a World economic and financial surveys | |
| 610 | 2 | 0 | |a financie |
| 610 | 2 | 0 | |a financie medzinárodné |
| 610 | 2 | 0 | |a trh kapitálový medzinárodný |
| 610 | 2 | 0 | |a banky |
| 610 | 2 | 0 | |a bankovníctvo |
| 610 | 2 | 0 | |a krajiny vyspelé |
| 610 | 2 | 0 | |a kríza banková |
| 610 | 2 | 0 | |a deriváty |
| 610 | 2 | 0 | |a politika finančná |
| 610 | 2 | 0 | |a nástroje finančné |
| 610 | 2 | 0 | |a manažment |
| 610 | 2 | 0 | |a riziko |
| 610 | 2 | 0 | |a obchod |
| 610 | 2 | 0 | |a úver bankový |
| 610 | 2 | 0 | |a politika verejná |
| 610 | 2 | 0 | |a kapitál |
| 610 | 2 | 0 | |a kontrola |
| 610 | 2 | 0 | |a kontrola banková |
| 610 | 2 | 0 | |a miera úroková |
| 610 | 2 | 0 | |a trh finančný |
| 610 | 2 | 0 | |a trh finančný medzinárodný |
| 610 | 2 | 0 | |a investície |
| 610 | 2 | 0 | |a ECU |
| 610 | 2 | 0 | |a obligácie |
| 610 | 2 | 0 | |a financovanie |
| 610 | 2 | 0 | |a krajiny rozvojové |
| 610 | 2 | 0 | |a pôžičky |
| 610 | 2 | 0 | |a trh vnútorný |
| 610 | 2 | 0 | |a údaje štatistické |
| 610 | 2 | 0 | |a porovnanie štatistické medzinárodné |
| 100 | 1 | |a Goldstein, Morris | |
| 700 | 1 | |a Folkerts-Landau, David | |